000 01122nam a22003137a 4500
020 _a9870309577
080 _a342.34+ 342.72/ 73 N 75
245 _aNorberto Bobbio y La Argenitina. Los Desafìos Institucionales de la Democracia Integral
260 _aBuenos Aires
_bLa Ley: Facultad de Derecho U B A., Ministerio de educaciòn, Ciencia y Tecnologìa de la Naciòn Argentina, Organizacion de las Naciones Unidas para la educaciòn, la Ciencia y la Cultura
_c2006
300 _a192 P.
_c24 X 17 Cm.
650 _xderechos humanos
650 _xteorìa del derecho
650 _xNorberto Bobbio
650 _xfilosofìa del derecho
700 _aAlterini, Atilio A.
700 _aAlfonsìn, Raùl Ricardo
700 _aVallone, Miguel Gabriel
700 _aBovero, Michelàngelo
700 _aDotti, Jorge Eugenio
700 _aCiuro Caldani, Miguel ângel
700 _aPortantiero, Juan Carlos
700 _aZaffaroni, Eugenio Raùl
700 _aLafer, Celso
700 _aDespouy, leandro
700 _aStrasse, Carlos
700 _aGreppi, Andrea
942 _6_
945 _acd
_d2015-06-15
999 _c4025
_d234529